00764nam a2200169Ia 450000500170000000800410001702000160005808200150007410000120008924500480010126000420014930000200019150002680021194200060047995200960048599900130058120240726014018.0240331s9999 xx 000 0 und d a0198265301  a294.3bCON aCone, M 4aThe perfect generosity of prince Vessantara aLondonbOxford university pressc1977 axlvii, 111 p ., aThis book is intended both for the general reader and for the specialist. the general reader is invited to read the introduction, perhaps skipping section II, and the translation; he is warned that the story of Vessantara proper begins only in the middle pf p.8. cL 001040708LaWERCLbWERCLcSSCd2024-03-31l0o 294.3 CONp275r2024-03-31w2024-03-31yL c917d917